000 00336nam a2200133Ia 4500
008 240624s9999 xx 000 0 und d
041 _aeng
082 _a658.4063 DUT
100 _aDUTTON JANE E
245 _aENERGIZE YOUR WORKPLACE HOW TO CREATE AN
260 _c2006
_aNew Delhi
_bWiley India
300 _a220 p.
365 _cRS
_b27
999 _c31808
_d31808